| 000 | 00335nam a22001337a 4500 | ||
|---|---|---|---|
| 008 | 171103b xxu||||| |||| 00| 0 eng d | ||
| 020 | _a0792390466 | ||
| 041 | _aeng | ||
| 080 | _a339.138 | ||
| 100 | _a60 | ||
| 101 | _aMAR | ||
| 245 |
_aECONOMICS AS DISCOURSE AN ANALYSIS OF THE LANGUAGE OF ECONOMICS _cSAMUELS,W.J |
||
| 942 |
_2udc _cBK |
||
| 999 |
_c37447 _d37447 |
||